000 nam a22 7a 4500
999 _c8294
_d8294
008 171216b xxu||||| |||| 00| 0 eng d
100 _94715
_aCBSE
245 _aENGLISH COMUNICATIVE S.P.Q-X
260 _aAGRA
_bOSWAAL BOOK
_c2017